00606 2200229 4500001002100000005001500021035002000036245008700056100001700143250000600160300003000166700001300196260003600209082000800245084001400253020002100267600002000288990001700308990001700325990001700342990001700359INLIS00000000000147220221103092300 a0010-11220000021 aBerdzikir Setelah Sholat :bKorban Petasan /cFadila Hanum ; ilustrator , Pramesta0 aFadila Hanum a- a24 hlm. :bilus. ;c20 cm0 aPramesta aJakarta :bGema Insani ,,c2017 a813 a813 FAD b a978-602250-366-8 4aFiksi Indonesia a04960/P/2022 a04962/P/2022 a04961/P/2022 a04960/P/2022